Oprava Karlova mostu : veřejný technický seminář 13. dubna 2004 VTS - Novotného lávka, Praha 1 /

Korporativní autor: Český svaz stavebních inženýrů
Další autoři: Oprava Karlova mostu (seminář)
Jazyk: Čeština
Vydáno: Praha : ŠEL, 2004
Vydání: Vyd. 1.
Témata:
Externí odkaz: Digitalizovaný dokument
Fyzický popis: 98 s. : il., mapa, plány, grafická znázornění ; 30 cm
Knihy
Uloženo v:
LEADER 01765nam a2200445 a 4500
001 000763228
003 CZ BrMZK
005 20080429080306.0
007 ta
008 050210s2004 xr abdeer 100 0 cze d
015 |a cnb001499251 
020 |a 80-86426-16-5  |q (brož.) 
035 |a (OCoLC)85136443 
040 |a BOA001  |b cze 
043 |a e-xr---  |b e-xr-pg  |2 czenas 
072 7 |a 624  |x Stavební inženýrství  |2 Konspekt  |9 19 
080 |a 624.2/.8  |2 MRF 
080 |a 69.059.25  |2 MRF 
080 |a (437.311)  |2 MRF 
080 |a (062.534)  |2 MRF 
111 2 |a Oprava Karlova mostu (seminář)  |d (2004 :  |c Praha, Česko)  |7 olak2005266804 
245 1 0 |a Oprava Karlova mostu :  |b veřejný technický seminář 13. dubna 2004 VTS - Novotného lávka, Praha 1 /  |c [kolektiv] 
250 |a Vyd. 1. 
260 |a Praha :  |b ŠEL,  |c 2004 
300 |a 98 s. :  |b il., mapa, plány, grafická znázornění ;  |c 30 cm 
500 |a Název a podnázev z obálky 
500 |a 300 výt. 
504 |a Obsahuje bibliografie a bibliografické odkazy 
550 |a Vydavatel: Český svaz stavebních inženýrů 
500 |a Dostupné též v digitální podobě v aplikaci Kramerius 
650 0 7 |a mosty  |7 ph115357  |z Česko  |2 czenas 
650 0 7 |a stavební opravy  |7 ph135757  |2 czenas 
655 7 |a sborníky konferencí  |7 fd133333  |2 czenas 
651 7 |a Karlův most (Praha, Česko)  |7 ge117667  |2 czenas 
710 2 |a Český svaz stavebních inženýrů  |7 kn20010725068 
856 4 1 |u http://www.digitalniknihovna.cz/mzk/uuid/uuid:b6993c60-270e-11e6-ae84-005056827e51  |y Digitalizovaný dokument  |x NDK 
910 |a BOA001  |b 3-1147.296 
990 |a BK 
991 |b 200503  |c NOV 
996 6 |b 2610242152  |c 3-1147.296  |l MZK  |r Sklad / do 1 hodiny  |n 1  |p p.v.  |w 000763228  |u 000010  |a 1  |e BOA001  |j MZK50  |s P